000 00548nam a2200181Ia 4500
008 090124s9999 xx 000 0 und d
082 _b46792
100 _aखांबेटे द. पां.
245 _a बायकांचं गुपित
250 _a2
260 _c2007
300 _a212
600 _aखांबेटे द. पां.
630 _a बायकांचं गुपित
700 _aखांबेटे द. पां.
730 _a बायकांचं गुपित
942 _cBOOK
999 _c113016
_d113016